000 00582nam a2200205Ia 4500
005 20250508165334.0
008 008 250505s9999 xx 000 0 eng d
020 _a978-81-7541-413-6
037 _aReference
040 _aFEDL
_beng
_cFEDL
041 _aeng
_2eng
084 _a370.954, AGG/RR
_qFEDL
100 _aAggarwal J C
245 0 _aEducational reforms in India for the 21st Century
260 _aDelhi, India
_bShipra Publications
_c2010
300 _a215p.
365 _aINR
_b550
942 _cREF
_h370.954, AGG/RR
999 _c1394549
_d1394549